000 00984nam a22002417a 4500
001 6735
003 FISKH
005 20250523114059.0
008 250523b cb ||||| |||| 00| 0 eng d
020 _a9782013219402
040 _aFISKH
_bFrench
_cFISKH
_dFISKH
050 _aPQ2623.E24
082 _a843.912
100 _aLeblanc, Maurice
245 _aArsène Lupin, Gentleman-Cambrioleur /
_cBy Maurice Leblanc
260 _aVanves :
_bHachette Jeunesse,
_c1972.
300 _a314 pages :
_billustrations ;
_c18 cm .
490 _aArsène Lupin
520 _aClassic Literature. Fiction. Mystery. HTML:Known as the French counterpart to Sherlock Holmes, Arsene Lupin is a dashing master criminal who has his own strong code of ethics when it comes to plying his trade. In this story, adapted from a Lupin tale penned for the stage, Lupin finds himself at the center of an unusual romance.
650 _a20 th Century
_vFiction
942 _2ddc
_cBK
_n0
999 _c6735
_d6735